<?xml version="1.0" encoding="UTF-8"?>
<record
    xmlns:xsi="http://www.w3.org/2001/XMLSchema-instance"
    xsi:schemaLocation="http://www.loc.gov/MARC21/slim http://www.loc.gov/standards/marcxml/schema/MARC21slim.xsd"
    xmlns="http://www.loc.gov/MARC21/slim">

  <leader>00962nam a22002537a 4500</leader>
  <controlfield tag="001">8250</controlfield>
  <controlfield tag="003">FISKH</controlfield>
  <controlfield tag="005">20250905110630.0</controlfield>
  <controlfield tag="008">250905b        cb ||||| |||| 00| 0 eng d</controlfield>
  <datafield tag="020" ind1=" " ind2=" ">
    <subfield code="a">9789995000929</subfield>
  </datafield>
  <datafield tag="040" ind1=" " ind2=" ">
    <subfield code="a">FISKH</subfield>
    <subfield code="b">khr </subfield>
    <subfield code="c">FISKH</subfield>
    <subfield code="d">FISKH</subfield>
  </datafield>
  <datafield tag="050" ind1=" " ind2=" ">
    <subfield code="a">PZ7 </subfield>
  </datafield>
  <datafield tag="082" ind1=" " ind2=" ">
    <subfield code="a">800</subfield>
  </datafield>
  <datafield tag="100" ind1=" " ind2=" ">
    <subfield code="a">Kimsrun, Oeng </subfield>
  </datafield>
  <datafield tag="245" ind1=" " ind2=" ">
    <subfield code="a">&#x1780;&#x17C6;&#x179A;&#x1784;&#x179A;&#x17BF;&#x1784;&#x1793;&#x17B7;&#x1791;&#x17B6;&#x1793;&#x17A2;&#x1794;&#x17CB;&#x179A;&#x17C6; /</subfield>
  </datafield>
  <datafield tag="260" ind1=" " ind2=" ">
    <subfield code="a">Phnom Penh : </subfield>
    <subfield code="b">Publishing and Distribution House, </subfield>
    <subfield code="c">2009. </subfield>
  </datafield>
  <datafield tag="300" ind1=" " ind2=" ">
    <subfield code="a">16 pages : </subfield>
    <subfield code="b">color illustrations ; </subfield>
    <subfield code="c">18 cm </subfield>
  </datafield>
  <datafield tag="505" ind1=" " ind2=" ">
    <subfield code="a">K
</subfield>
  </datafield>
  <datafield tag="520" ind1=" " ind2=" ">
    <subfield code="a">&#x179F;&#x17C0;&#x179C;&#x1797;&#x17C5;&#x200B;&#x179A;&#x17BF;&#x1784;&#x200B;&#x1793;&#x17B7;&#x1791;&#x17B6;&#x1793;&#x200B;&#x17A2;&#x1794;&#x17CB;&#x179A;&#x17C6;&#x200B;&#x179F;&#x1798;&#x17D2;&#x179A;&#x17B6;&#x1794;&#x17CB;&#x200B;&#x1780;&#x17BB;&#x1798;&#x17B6;&#x179A; &#x1780;&#x1798;&#x17D2;&#x179A;&#x1784;&#x200B;&#x179A;&#x17BF;&#x1784;&#x200B;&#x1793;&#x17B7;&#x1791;&#x17B6;&#x1793;&#x200B;&#x17A2;&#x1794;&#x17CB;&#x179A;&#x17C6; &#x1787;&#x17B6;&#x200B;&#x179F;&#x17C0;&#x179C;&#x1797;&#x17C5;&#x200B;&#x17A2;&#x17C6;&#x178E;&#x17B6;&#x1793;&#x200B;&#x1794;&#x1793;&#x17D2;&#x1790;&#x17C2;&#x1798;&#x200B;&#x179F;&#x1798;&#x17D2;&#x179A;&#x17B6;&#x1794;&#x17CB;&#x200B;&#x1780;&#x17BB;&#x1798;&#x17B6;&#x179A;&#x200B;&#x17D4; </subfield>
  </datafield>
  <datafield tag="521" ind1="8" ind2=" ">
    <subfield code="a">510

</subfield>
    <subfield code="b">Lexile estimate
</subfield>
  </datafield>
  <datafield tag="521" ind1="8" ind2=" ">
    <subfield code="a">K
</subfield>
    <subfield code="b">Raz-Plus
</subfield>
  </datafield>
  <datafield tag="942" ind1=" " ind2=" ">
    <subfield code="2">ddc</subfield>
    <subfield code="c">BK</subfield>
    <subfield code="n">0</subfield>
  </datafield>
  <datafield tag="999" ind1=" " ind2=" ">
    <subfield code="c">8250</subfield>
    <subfield code="d">8250</subfield>
  </datafield>
  <datafield tag="952" ind1=" " ind2=" ">
    <subfield code="0">0</subfield>
    <subfield code="1">0</subfield>
    <subfield code="2">ddc</subfield>
    <subfield code="4">0</subfield>
    <subfield code="7">0</subfield>
    <subfield code="8">KH</subfield>
    <subfield code="a">001</subfield>
    <subfield code="b">001</subfield>
    <subfield code="c">OKHR</subfield>
    <subfield code="d">2025-09-05</subfield>
    <subfield code="l">0</subfield>
    <subfield code="o">KIM 800 PZ7 </subfield>
    <subfield code="p">FISTK03824</subfield>
    <subfield code="r">2025-09-05 08:55:44</subfield>
    <subfield code="t">1</subfield>
    <subfield code="w">2025-09-05</subfield>
    <subfield code="y">KHB</subfield>
  </datafield>
  <datafield tag="952" ind1=" " ind2=" ">
    <subfield code="0">0</subfield>
    <subfield code="1">0</subfield>
    <subfield code="2">ddc</subfield>
    <subfield code="4">0</subfield>
    <subfield code="7">0</subfield>
    <subfield code="8">KH</subfield>
    <subfield code="a">001</subfield>
    <subfield code="b">001</subfield>
    <subfield code="c">OKHR</subfield>
    <subfield code="d">2025-09-05</subfield>
    <subfield code="l">2</subfield>
    <subfield code="o">KIM 800 PZ7 </subfield>
    <subfield code="p">FISTK03828</subfield>
    <subfield code="r">2026-03-02 10:02:12</subfield>
    <subfield code="s">2026-02-02</subfield>
    <subfield code="t">2</subfield>
    <subfield code="w">2025-09-05</subfield>
    <subfield code="y">KHB</subfield>
  </datafield>
  <datafield tag="952" ind1=" " ind2=" ">
    <subfield code="0">0</subfield>
    <subfield code="1">0</subfield>
    <subfield code="2">ddc</subfield>
    <subfield code="4">0</subfield>
    <subfield code="7">0</subfield>
    <subfield code="8">KH</subfield>
    <subfield code="a">001</subfield>
    <subfield code="b">001</subfield>
    <subfield code="c">OKHR</subfield>
    <subfield code="d">2025-09-05</subfield>
    <subfield code="l">1</subfield>
    <subfield code="o">KIM 800 PZ7 </subfield>
    <subfield code="p">FISTK03825</subfield>
    <subfield code="r">2026-03-16 09:31:48</subfield>
    <subfield code="s">2025-10-10</subfield>
    <subfield code="t">3</subfield>
    <subfield code="w">2025-09-05</subfield>
    <subfield code="y">KHB</subfield>
  </datafield>
  <datafield tag="952" ind1=" " ind2=" ">
    <subfield code="0">0</subfield>
    <subfield code="1">0</subfield>
    <subfield code="2">ddc</subfield>
    <subfield code="4">0</subfield>
    <subfield code="7">0</subfield>
    <subfield code="8">KH</subfield>
    <subfield code="a">001</subfield>
    <subfield code="b">001</subfield>
    <subfield code="c">OKHR</subfield>
    <subfield code="d">2025-09-05</subfield>
    <subfield code="l">1</subfield>
    <subfield code="o">KIM 800 PZ7 </subfield>
    <subfield code="p">FISTK03818</subfield>
    <subfield code="r">2026-03-16 09:31:37</subfield>
    <subfield code="s">2025-10-10</subfield>
    <subfield code="t">4</subfield>
    <subfield code="w">2025-09-05</subfield>
    <subfield code="y">KHB</subfield>
  </datafield>
  <datafield tag="952" ind1=" " ind2=" ">
    <subfield code="0">0</subfield>
    <subfield code="1">0</subfield>
    <subfield code="2">ddc</subfield>
    <subfield code="4">0</subfield>
    <subfield code="7">0</subfield>
    <subfield code="8">KH</subfield>
    <subfield code="a">001</subfield>
    <subfield code="b">001</subfield>
    <subfield code="c">OKHR</subfield>
    <subfield code="d">2025-09-05</subfield>
    <subfield code="l">0</subfield>
    <subfield code="o">KIM 800 PZ7 </subfield>
    <subfield code="p">FISTK03782</subfield>
    <subfield code="r">2025-09-05 08:57:43</subfield>
    <subfield code="t">5</subfield>
    <subfield code="w">2025-09-05</subfield>
    <subfield code="y">KHB</subfield>
  </datafield>
  <datafield tag="952" ind1=" " ind2=" ">
    <subfield code="0">0</subfield>
    <subfield code="1">0</subfield>
    <subfield code="2">ddc</subfield>
    <subfield code="4">0</subfield>
    <subfield code="7">0</subfield>
    <subfield code="8">KH</subfield>
    <subfield code="a">001</subfield>
    <subfield code="b">001</subfield>
    <subfield code="c">OKHR</subfield>
    <subfield code="d">2025-09-05</subfield>
    <subfield code="l">0</subfield>
    <subfield code="o">KIM 800 PZ7 </subfield>
    <subfield code="p">2025-4372</subfield>
    <subfield code="r">2025-09-05 08:57:54</subfield>
    <subfield code="t">6</subfield>
    <subfield code="w">2025-09-05</subfield>
    <subfield code="y">KHB</subfield>
  </datafield>
  <datafield tag="952" ind1=" " ind2=" ">
    <subfield code="0">0</subfield>
    <subfield code="1">0</subfield>
    <subfield code="2">ddc</subfield>
    <subfield code="4">0</subfield>
    <subfield code="7">0</subfield>
    <subfield code="8">KH</subfield>
    <subfield code="a">001</subfield>
    <subfield code="b">001</subfield>
    <subfield code="c">OKHR</subfield>
    <subfield code="d">2025-09-05</subfield>
    <subfield code="l">1</subfield>
    <subfield code="o">KIM 800 PZ7 </subfield>
    <subfield code="p">FISTK03817</subfield>
    <subfield code="r">2026-03-16 09:31:35</subfield>
    <subfield code="s">2025-10-10</subfield>
    <subfield code="t">7</subfield>
    <subfield code="w">2025-09-05</subfield>
    <subfield code="y">KHB</subfield>
  </datafield>
  <datafield tag="952" ind1=" " ind2=" ">
    <subfield code="0">0</subfield>
    <subfield code="1">0</subfield>
    <subfield code="2">ddc</subfield>
    <subfield code="4">0</subfield>
    <subfield code="7">0</subfield>
    <subfield code="8">KH</subfield>
    <subfield code="a">001</subfield>
    <subfield code="b">001</subfield>
    <subfield code="c">OKHR</subfield>
    <subfield code="d">2025-09-05</subfield>
    <subfield code="l">0</subfield>
    <subfield code="o">KIM 800 PZ7 </subfield>
    <subfield code="p">FISTK03783</subfield>
    <subfield code="r">2025-09-05 08:58:43</subfield>
    <subfield code="t">8</subfield>
    <subfield code="w">2025-09-05</subfield>
    <subfield code="y">KHB</subfield>
  </datafield>
  <datafield tag="952" ind1=" " ind2=" ">
    <subfield code="0">0</subfield>
    <subfield code="1">0</subfield>
    <subfield code="2">ddc</subfield>
    <subfield code="4">0</subfield>
    <subfield code="7">0</subfield>
    <subfield code="8">KH</subfield>
    <subfield code="a">001</subfield>
    <subfield code="b">001</subfield>
    <subfield code="c">OKHR</subfield>
    <subfield code="d">2025-09-05</subfield>
    <subfield code="l">1</subfield>
    <subfield code="o">KIM 800 PZ7 </subfield>
    <subfield code="p">FISTK03821</subfield>
    <subfield code="r">2026-03-16 09:31:42</subfield>
    <subfield code="s">2025-10-10</subfield>
    <subfield code="t">9</subfield>
    <subfield code="w">2025-09-05</subfield>
    <subfield code="y">KHB</subfield>
  </datafield>
  <datafield tag="952" ind1=" " ind2=" ">
    <subfield code="0">0</subfield>
    <subfield code="1">0</subfield>
    <subfield code="2">ddc</subfield>
    <subfield code="4">0</subfield>
    <subfield code="7">0</subfield>
    <subfield code="8">KH</subfield>
    <subfield code="a">001</subfield>
    <subfield code="b">001</subfield>
    <subfield code="c">OKHR</subfield>
    <subfield code="d">2025-09-05</subfield>
    <subfield code="l">0</subfield>
    <subfield code="o">KIM 800 PZ7 </subfield>
    <subfield code="p">FISTK03958</subfield>
    <subfield code="r">2025-09-05 09:01:50</subfield>
    <subfield code="t">10</subfield>
    <subfield code="w">2025-09-05</subfield>
    <subfield code="y">KHB</subfield>
  </datafield>
  <datafield tag="952" ind1=" " ind2=" ">
    <subfield code="0">0</subfield>
    <subfield code="1">0</subfield>
    <subfield code="2">ddc</subfield>
    <subfield code="4">0</subfield>
    <subfield code="7">0</subfield>
    <subfield code="8">KH</subfield>
    <subfield code="a">001</subfield>
    <subfield code="b">001</subfield>
    <subfield code="c">OKHR</subfield>
    <subfield code="d">2025-09-05</subfield>
    <subfield code="l">0</subfield>
    <subfield code="o">KIM 800 PZ7 </subfield>
    <subfield code="p">FISTK03786</subfield>
    <subfield code="r">2025-09-05 09:02:20</subfield>
    <subfield code="t">11</subfield>
    <subfield code="w">2025-09-05</subfield>
    <subfield code="y">KHB</subfield>
  </datafield>
  <datafield tag="952" ind1=" " ind2=" ">
    <subfield code="0">0</subfield>
    <subfield code="1">0</subfield>
    <subfield code="2">ddc</subfield>
    <subfield code="4">0</subfield>
    <subfield code="7">0</subfield>
    <subfield code="8">KH</subfield>
    <subfield code="a">001</subfield>
    <subfield code="b">001</subfield>
    <subfield code="c">OKHR</subfield>
    <subfield code="d">2025-09-05</subfield>
    <subfield code="l">0</subfield>
    <subfield code="o">KIM 800 PZ7 </subfield>
    <subfield code="p">FISTK03791</subfield>
    <subfield code="r">2025-09-05 09:04:26</subfield>
    <subfield code="t">12</subfield>
    <subfield code="w">2025-09-05</subfield>
    <subfield code="y">KHB</subfield>
  </datafield>
  <datafield tag="952" ind1=" " ind2=" ">
    <subfield code="0">0</subfield>
    <subfield code="1">0</subfield>
    <subfield code="2">ddc</subfield>
    <subfield code="4">0</subfield>
    <subfield code="7">0</subfield>
    <subfield code="8">KH</subfield>
    <subfield code="a">001</subfield>
    <subfield code="b">001</subfield>
    <subfield code="c">OKHR</subfield>
    <subfield code="d">2025-09-05</subfield>
    <subfield code="l">2</subfield>
    <subfield code="o">KIM 800 PZ7 </subfield>
    <subfield code="p">FISTK03822</subfield>
    <subfield code="r">2026-03-02 10:04:11</subfield>
    <subfield code="s">2026-02-02</subfield>
    <subfield code="t">13</subfield>
    <subfield code="w">2025-09-05</subfield>
    <subfield code="y">KHB</subfield>
  </datafield>
  <datafield tag="952" ind1=" " ind2=" ">
    <subfield code="0">0</subfield>
    <subfield code="1">0</subfield>
    <subfield code="2">ddc</subfield>
    <subfield code="4">0</subfield>
    <subfield code="7">0</subfield>
    <subfield code="8">KH</subfield>
    <subfield code="a">001</subfield>
    <subfield code="b">001</subfield>
    <subfield code="c">OKHR</subfield>
    <subfield code="d">2025-09-05</subfield>
    <subfield code="l">0</subfield>
    <subfield code="o">KIM 800 PZ7 </subfield>
    <subfield code="p">FISTK03789</subfield>
    <subfield code="r">2025-09-05 09:05:09</subfield>
    <subfield code="t">14</subfield>
    <subfield code="w">2025-09-05</subfield>
    <subfield code="y">KHB</subfield>
  </datafield>
  <datafield tag="952" ind1=" " ind2=" ">
    <subfield code="0">0</subfield>
    <subfield code="1">0</subfield>
    <subfield code="2">ddc</subfield>
    <subfield code="4">0</subfield>
    <subfield code="7">0</subfield>
    <subfield code="8">KH</subfield>
    <subfield code="a">001</subfield>
    <subfield code="b">001</subfield>
    <subfield code="c">OKHR</subfield>
    <subfield code="d">2025-09-05</subfield>
    <subfield code="l">0</subfield>
    <subfield code="o">KIM 800 PZ7 </subfield>
    <subfield code="p">FISTK03780</subfield>
    <subfield code="r">2025-09-05 09:23:38</subfield>
    <subfield code="t">15</subfield>
    <subfield code="w">2025-09-05</subfield>
    <subfield code="y">KHB</subfield>
  </datafield>
  <datafield tag="952" ind1=" " ind2=" ">
    <subfield code="0">0</subfield>
    <subfield code="1">0</subfield>
    <subfield code="2">ddc</subfield>
    <subfield code="4">0</subfield>
    <subfield code="7">0</subfield>
    <subfield code="8">KH</subfield>
    <subfield code="a">001</subfield>
    <subfield code="b">001</subfield>
    <subfield code="c">OKHR</subfield>
    <subfield code="d">2025-09-05</subfield>
    <subfield code="l">0</subfield>
    <subfield code="o">KIM 800 PZ7 </subfield>
    <subfield code="p">2025-4373</subfield>
    <subfield code="r">2025-09-05 09:24:08</subfield>
    <subfield code="t">16</subfield>
    <subfield code="w">2025-09-05</subfield>
    <subfield code="y">KHB</subfield>
  </datafield>
  <datafield tag="952" ind1=" " ind2=" ">
    <subfield code="0">0</subfield>
    <subfield code="1">0</subfield>
    <subfield code="2">ddc</subfield>
    <subfield code="4">0</subfield>
    <subfield code="7">0</subfield>
    <subfield code="8">KH</subfield>
    <subfield code="a">001</subfield>
    <subfield code="b">001</subfield>
    <subfield code="c">OKHR</subfield>
    <subfield code="d">2025-09-05</subfield>
    <subfield code="l">0</subfield>
    <subfield code="o">KIM 800 PZ7 </subfield>
    <subfield code="p">FISTK03788</subfield>
    <subfield code="r">2025-09-05 09:24:50</subfield>
    <subfield code="t">17</subfield>
    <subfield code="w">2025-09-05</subfield>
    <subfield code="y">KHB</subfield>
  </datafield>
  <datafield tag="952" ind1=" " ind2=" ">
    <subfield code="0">0</subfield>
    <subfield code="1">0</subfield>
    <subfield code="2">ddc</subfield>
    <subfield code="4">0</subfield>
    <subfield code="7">0</subfield>
    <subfield code="8">KH</subfield>
    <subfield code="a">001</subfield>
    <subfield code="b">001</subfield>
    <subfield code="c">OKHR</subfield>
    <subfield code="d">2025-09-05</subfield>
    <subfield code="l">0</subfield>
    <subfield code="o">KIM 800 PZ7 </subfield>
    <subfield code="p">FISTK03802</subfield>
    <subfield code="r">2025-09-05 09:25:12</subfield>
    <subfield code="t">18</subfield>
    <subfield code="w">2025-09-05</subfield>
    <subfield code="y">KHB</subfield>
  </datafield>
  <datafield tag="952" ind1=" " ind2=" ">
    <subfield code="0">0</subfield>
    <subfield code="1">0</subfield>
    <subfield code="2">ddc</subfield>
    <subfield code="4">0</subfield>
    <subfield code="7">0</subfield>
    <subfield code="8">KH</subfield>
    <subfield code="a">001</subfield>
    <subfield code="b">001</subfield>
    <subfield code="c">OKHR</subfield>
    <subfield code="d">2025-09-05</subfield>
    <subfield code="l">1</subfield>
    <subfield code="o">KIM 800 PZ7 </subfield>
    <subfield code="p">FISTK03814</subfield>
    <subfield code="r">2026-03-16 09:31:40</subfield>
    <subfield code="s">2025-10-10</subfield>
    <subfield code="t">19</subfield>
    <subfield code="w">2025-09-05</subfield>
    <subfield code="y">KHB</subfield>
  </datafield>
  <datafield tag="952" ind1=" " ind2=" ">
    <subfield code="0">0</subfield>
    <subfield code="1">0</subfield>
    <subfield code="2">ddc</subfield>
    <subfield code="4">0</subfield>
    <subfield code="7">0</subfield>
    <subfield code="8">KH</subfield>
    <subfield code="a">001</subfield>
    <subfield code="b">001</subfield>
    <subfield code="c">OKHR</subfield>
    <subfield code="d">2025-09-05</subfield>
    <subfield code="l">1</subfield>
    <subfield code="o">KIM 800 PZ7 </subfield>
    <subfield code="p">FISTK03813</subfield>
    <subfield code="r">2026-03-16 09:31:46</subfield>
    <subfield code="s">2025-10-10</subfield>
    <subfield code="t">20</subfield>
    <subfield code="w">2025-09-05</subfield>
    <subfield code="y">KHB</subfield>
  </datafield>
  <datafield tag="952" ind1=" " ind2=" ">
    <subfield code="0">0</subfield>
    <subfield code="1">0</subfield>
    <subfield code="2">ddc</subfield>
    <subfield code="4">0</subfield>
    <subfield code="7">0</subfield>
    <subfield code="8">KH</subfield>
    <subfield code="a">001</subfield>
    <subfield code="b">001</subfield>
    <subfield code="c">OKHR</subfield>
    <subfield code="d">2025-09-05</subfield>
    <subfield code="l">0</subfield>
    <subfield code="o">KIM 800 PZ7 </subfield>
    <subfield code="p">2025-4374</subfield>
    <subfield code="r">2025-09-05 09:28:46</subfield>
    <subfield code="t">21</subfield>
    <subfield code="w">2025-09-05</subfield>
    <subfield code="y">KHB</subfield>
  </datafield>
  <datafield tag="952" ind1=" " ind2=" ">
    <subfield code="0">0</subfield>
    <subfield code="1">0</subfield>
    <subfield code="2">ddc</subfield>
    <subfield code="4">0</subfield>
    <subfield code="7">0</subfield>
    <subfield code="8">KH</subfield>
    <subfield code="a">001</subfield>
    <subfield code="b">001</subfield>
    <subfield code="c">OKHR</subfield>
    <subfield code="d">2025-09-05</subfield>
    <subfield code="l">0</subfield>
    <subfield code="o">KIM 800 PZ7 </subfield>
    <subfield code="p">2025-4375</subfield>
    <subfield code="r">2025-09-05 09:31:50</subfield>
    <subfield code="t">22</subfield>
    <subfield code="w">2025-09-05</subfield>
    <subfield code="y">KHB</subfield>
  </datafield>
  <datafield tag="952" ind1=" " ind2=" ">
    <subfield code="0">0</subfield>
    <subfield code="1">0</subfield>
    <subfield code="2">ddc</subfield>
    <subfield code="4">0</subfield>
    <subfield code="7">0</subfield>
    <subfield code="8">KH</subfield>
    <subfield code="a">001</subfield>
    <subfield code="b">001</subfield>
    <subfield code="c">OKHR</subfield>
    <subfield code="d">2025-09-05</subfield>
    <subfield code="l">0</subfield>
    <subfield code="o">KIM 800 PZ7 </subfield>
    <subfield code="p">FISTK03779</subfield>
    <subfield code="r">2025-09-05 09:32:37</subfield>
    <subfield code="t">23</subfield>
    <subfield code="w">2025-09-05</subfield>
    <subfield code="y">KHB</subfield>
  </datafield>
  <datafield tag="952" ind1=" " ind2=" ">
    <subfield code="0">0</subfield>
    <subfield code="1">0</subfield>
    <subfield code="2">ddc</subfield>
    <subfield code="4">0</subfield>
    <subfield code="7">0</subfield>
    <subfield code="8">KH</subfield>
    <subfield code="a">001</subfield>
    <subfield code="b">001</subfield>
    <subfield code="c">OKHR</subfield>
    <subfield code="d">2025-09-05</subfield>
    <subfield code="l">0</subfield>
    <subfield code="o">KIM 800 PZ7 </subfield>
    <subfield code="p">FISTK03827</subfield>
    <subfield code="r">2025-09-05 09:33:02</subfield>
    <subfield code="t">24</subfield>
    <subfield code="w">2025-09-05</subfield>
    <subfield code="y">KHB</subfield>
  </datafield>
  <datafield tag="952" ind1=" " ind2=" ">
    <subfield code="0">0</subfield>
    <subfield code="1">0</subfield>
    <subfield code="2">ddc</subfield>
    <subfield code="4">0</subfield>
    <subfield code="7">0</subfield>
    <subfield code="8">KH</subfield>
    <subfield code="a">001</subfield>
    <subfield code="b">001</subfield>
    <subfield code="c">OKHR</subfield>
    <subfield code="d">2025-09-05</subfield>
    <subfield code="l">3</subfield>
    <subfield code="o">KIM 800 PZ7 </subfield>
    <subfield code="p">2025-4376</subfield>
    <subfield code="q">2026-04-15</subfield>
    <subfield code="r">2026-04-01 08:23:31</subfield>
    <subfield code="s">2026-04-01</subfield>
    <subfield code="t">25</subfield>
    <subfield code="w">2025-09-05</subfield>
    <subfield code="y">KHB</subfield>
  </datafield>
  <datafield tag="952" ind1=" " ind2=" ">
    <subfield code="0">0</subfield>
    <subfield code="1">0</subfield>
    <subfield code="2">ddc</subfield>
    <subfield code="4">0</subfield>
    <subfield code="7">0</subfield>
    <subfield code="8">KH</subfield>
    <subfield code="a">001</subfield>
    <subfield code="b">001</subfield>
    <subfield code="c">OKHR</subfield>
    <subfield code="d">2025-09-05</subfield>
    <subfield code="l">0</subfield>
    <subfield code="o">KIM 800 PZ7 </subfield>
    <subfield code="p">FISTK03805</subfield>
    <subfield code="r">2025-09-05 09:38:34</subfield>
    <subfield code="t">26</subfield>
    <subfield code="w">2025-09-05</subfield>
    <subfield code="y">KHB</subfield>
  </datafield>
  <datafield tag="952" ind1=" " ind2=" ">
    <subfield code="0">0</subfield>
    <subfield code="1">0</subfield>
    <subfield code="2">ddc</subfield>
    <subfield code="4">0</subfield>
    <subfield code="7">0</subfield>
    <subfield code="8">KH</subfield>
    <subfield code="a">001</subfield>
    <subfield code="b">001</subfield>
    <subfield code="c">OKHR</subfield>
    <subfield code="d">2025-09-05</subfield>
    <subfield code="l">0</subfield>
    <subfield code="o">KIM 800 PZ7 </subfield>
    <subfield code="p">FISTK03806</subfield>
    <subfield code="r">2025-09-05 09:40:24</subfield>
    <subfield code="t">27</subfield>
    <subfield code="w">2025-09-05</subfield>
    <subfield code="y">KHB</subfield>
  </datafield>
  <datafield tag="952" ind1=" " ind2=" ">
    <subfield code="0">0</subfield>
    <subfield code="1">0</subfield>
    <subfield code="2">ddc</subfield>
    <subfield code="4">0</subfield>
    <subfield code="7">0</subfield>
    <subfield code="8">KH</subfield>
    <subfield code="a">001</subfield>
    <subfield code="b">001</subfield>
    <subfield code="c">OKHR</subfield>
    <subfield code="d">2025-09-05</subfield>
    <subfield code="l">0</subfield>
    <subfield code="o">KIM 800 PZ7 </subfield>
    <subfield code="p">FISTK03801</subfield>
    <subfield code="r">2025-09-05 09:40:48</subfield>
    <subfield code="t">28</subfield>
    <subfield code="w">2025-09-05</subfield>
    <subfield code="y">KHB</subfield>
  </datafield>
  <datafield tag="952" ind1=" " ind2=" ">
    <subfield code="0">0</subfield>
    <subfield code="1">0</subfield>
    <subfield code="2">ddc</subfield>
    <subfield code="4">0</subfield>
    <subfield code="7">0</subfield>
    <subfield code="8">KH</subfield>
    <subfield code="a">001</subfield>
    <subfield code="b">001</subfield>
    <subfield code="c">OKHR</subfield>
    <subfield code="d">2025-09-05</subfield>
    <subfield code="l">0</subfield>
    <subfield code="o">KIM 800 PZ7 </subfield>
    <subfield code="p">FISTK03790</subfield>
    <subfield code="r">2025-09-05 09:41:06</subfield>
    <subfield code="t">29</subfield>
    <subfield code="w">2025-09-05</subfield>
    <subfield code="y">KHB</subfield>
  </datafield>
  <datafield tag="952" ind1=" " ind2=" ">
    <subfield code="0">0</subfield>
    <subfield code="1">0</subfield>
    <subfield code="2">ddc</subfield>
    <subfield code="4">0</subfield>
    <subfield code="7">0</subfield>
    <subfield code="8">KH</subfield>
    <subfield code="a">001</subfield>
    <subfield code="b">001</subfield>
    <subfield code="c">OKHR</subfield>
    <subfield code="d">2025-09-05</subfield>
    <subfield code="l">1</subfield>
    <subfield code="o">KIM 800 PZ7 </subfield>
    <subfield code="p">FISTK03807</subfield>
    <subfield code="r">2026-03-16 09:31:44</subfield>
    <subfield code="s">2025-10-10</subfield>
    <subfield code="t">30</subfield>
    <subfield code="w">2025-09-05</subfield>
    <subfield code="y">KHB</subfield>
  </datafield>
  <datafield tag="952" ind1=" " ind2=" ">
    <subfield code="0">0</subfield>
    <subfield code="1">0</subfield>
    <subfield code="2">ddc</subfield>
    <subfield code="4">0</subfield>
    <subfield code="7">0</subfield>
    <subfield code="8">KH</subfield>
    <subfield code="a">001</subfield>
    <subfield code="b">001</subfield>
    <subfield code="c">OKHR</subfield>
    <subfield code="d">2025-09-05</subfield>
    <subfield code="l">0</subfield>
    <subfield code="o">KIM 800 PZ7 </subfield>
    <subfield code="p">FISTK04620</subfield>
    <subfield code="r">2025-09-05 09:41:41</subfield>
    <subfield code="t">31</subfield>
    <subfield code="w">2025-09-05</subfield>
    <subfield code="y">KHB</subfield>
  </datafield>
  <datafield tag="952" ind1=" " ind2=" ">
    <subfield code="0">0</subfield>
    <subfield code="1">0</subfield>
    <subfield code="2">ddc</subfield>
    <subfield code="4">0</subfield>
    <subfield code="7">0</subfield>
    <subfield code="8">KH</subfield>
    <subfield code="a">001</subfield>
    <subfield code="b">001</subfield>
    <subfield code="c">OKHR</subfield>
    <subfield code="d">2025-09-05</subfield>
    <subfield code="l">0</subfield>
    <subfield code="o">KIM 800 PZ7 </subfield>
    <subfield code="p">FISTK03823</subfield>
    <subfield code="r">2025-09-05 09:42:06</subfield>
    <subfield code="t">32</subfield>
    <subfield code="w">2025-09-05</subfield>
    <subfield code="y">KHB</subfield>
  </datafield>
  <datafield tag="952" ind1=" " ind2=" ">
    <subfield code="0">0</subfield>
    <subfield code="1">0</subfield>
    <subfield code="2">ddc</subfield>
    <subfield code="4">0</subfield>
    <subfield code="7">0</subfield>
    <subfield code="8">KH</subfield>
    <subfield code="a">001</subfield>
    <subfield code="b">001</subfield>
    <subfield code="c">OKHR</subfield>
    <subfield code="d">2025-09-05</subfield>
    <subfield code="l">0</subfield>
    <subfield code="o">KIM 800 PZ7 </subfield>
    <subfield code="p">FISTK03799</subfield>
    <subfield code="r">2025-09-05 09:42:20</subfield>
    <subfield code="t">33</subfield>
    <subfield code="w">2025-09-05</subfield>
    <subfield code="y">KHB</subfield>
  </datafield>
  <datafield tag="952" ind1=" " ind2=" ">
    <subfield code="0">0</subfield>
    <subfield code="1">0</subfield>
    <subfield code="2">ddc</subfield>
    <subfield code="4">0</subfield>
    <subfield code="7">0</subfield>
    <subfield code="8">KH</subfield>
    <subfield code="a">001</subfield>
    <subfield code="b">001</subfield>
    <subfield code="c">OKHR</subfield>
    <subfield code="d">2025-09-05</subfield>
    <subfield code="l">0</subfield>
    <subfield code="o">KIM 800 PZ7 </subfield>
    <subfield code="p">FISTK03970</subfield>
    <subfield code="r">2025-09-05 09:42:39</subfield>
    <subfield code="t">34</subfield>
    <subfield code="w">2025-09-05</subfield>
    <subfield code="y">KHB</subfield>
  </datafield>
  <datafield tag="952" ind1=" " ind2=" ">
    <subfield code="0">0</subfield>
    <subfield code="1">0</subfield>
    <subfield code="2">ddc</subfield>
    <subfield code="4">0</subfield>
    <subfield code="7">0</subfield>
    <subfield code="8">KH</subfield>
    <subfield code="a">001</subfield>
    <subfield code="b">001</subfield>
    <subfield code="c">OKHR</subfield>
    <subfield code="d">2025-09-05</subfield>
    <subfield code="l">0</subfield>
    <subfield code="o">KIM 800 PZ7 </subfield>
    <subfield code="p">FISTK03804</subfield>
    <subfield code="r">2025-09-05 09:43:01</subfield>
    <subfield code="t">35</subfield>
    <subfield code="w">2025-09-05</subfield>
    <subfield code="y">KHB</subfield>
  </datafield>
  <datafield tag="952" ind1=" " ind2=" ">
    <subfield code="0">0</subfield>
    <subfield code="1">0</subfield>
    <subfield code="2">ddc</subfield>
    <subfield code="4">0</subfield>
    <subfield code="7">0</subfield>
    <subfield code="8">KH</subfield>
    <subfield code="a">001</subfield>
    <subfield code="b">001</subfield>
    <subfield code="c">OKHR</subfield>
    <subfield code="d">2025-09-05</subfield>
    <subfield code="l">0</subfield>
    <subfield code="o">KIM 800 PZ7 </subfield>
    <subfield code="p">FISTK03796</subfield>
    <subfield code="r">2025-09-05 09:43:52</subfield>
    <subfield code="t">36</subfield>
    <subfield code="w">2025-09-05</subfield>
    <subfield code="y">KHB</subfield>
  </datafield>
  <datafield tag="952" ind1=" " ind2=" ">
    <subfield code="0">0</subfield>
    <subfield code="1">0</subfield>
    <subfield code="2">ddc</subfield>
    <subfield code="4">0</subfield>
    <subfield code="7">0</subfield>
    <subfield code="8">KH</subfield>
    <subfield code="a">001</subfield>
    <subfield code="b">001</subfield>
    <subfield code="c">OKHR</subfield>
    <subfield code="d">2025-09-05</subfield>
    <subfield code="l">0</subfield>
    <subfield code="o">KIM 800 PZ7 </subfield>
    <subfield code="p">2025-4377</subfield>
    <subfield code="r">2025-09-05 09:44:35</subfield>
    <subfield code="t">37</subfield>
    <subfield code="w">2025-09-05</subfield>
    <subfield code="y">KHB</subfield>
  </datafield>
  <datafield tag="952" ind1=" " ind2=" ">
    <subfield code="0">0</subfield>
    <subfield code="1">0</subfield>
    <subfield code="2">ddc</subfield>
    <subfield code="4">0</subfield>
    <subfield code="7">0</subfield>
    <subfield code="8">KH</subfield>
    <subfield code="a">001</subfield>
    <subfield code="b">001</subfield>
    <subfield code="c">OKHR</subfield>
    <subfield code="d">2025-09-05</subfield>
    <subfield code="l">0</subfield>
    <subfield code="o">KIM 800 PZ7 </subfield>
    <subfield code="p">FISTK03793</subfield>
    <subfield code="r">2025-09-05 09:46:02</subfield>
    <subfield code="t">38</subfield>
    <subfield code="w">2025-09-05</subfield>
    <subfield code="y">KHB</subfield>
  </datafield>
  <datafield tag="952" ind1=" " ind2=" ">
    <subfield code="0">0</subfield>
    <subfield code="1">0</subfield>
    <subfield code="2">ddc</subfield>
    <subfield code="4">0</subfield>
    <subfield code="7">0</subfield>
    <subfield code="8">KH</subfield>
    <subfield code="a">001</subfield>
    <subfield code="b">001</subfield>
    <subfield code="c">OKHR</subfield>
    <subfield code="d">2025-09-05</subfield>
    <subfield code="l">0</subfield>
    <subfield code="o">KIM 800 PZ7 </subfield>
    <subfield code="p">FISTK03820</subfield>
    <subfield code="r">2025-09-05 09:46:29</subfield>
    <subfield code="t">39</subfield>
    <subfield code="w">2025-09-05</subfield>
    <subfield code="y">KHB</subfield>
  </datafield>
  <datafield tag="952" ind1=" " ind2=" ">
    <subfield code="0">0</subfield>
    <subfield code="1">0</subfield>
    <subfield code="2">ddc</subfield>
    <subfield code="4">0</subfield>
    <subfield code="7">0</subfield>
    <subfield code="8">KH</subfield>
    <subfield code="a">001</subfield>
    <subfield code="b">001</subfield>
    <subfield code="c">OKHR</subfield>
    <subfield code="d">2025-09-05</subfield>
    <subfield code="l">0</subfield>
    <subfield code="o">KIM 800 PZ7 </subfield>
    <subfield code="p">FISTK03777</subfield>
    <subfield code="r">2025-09-05 09:46:47</subfield>
    <subfield code="t">40</subfield>
    <subfield code="w">2025-09-05</subfield>
    <subfield code="y">KHB</subfield>
  </datafield>
  <datafield tag="952" ind1=" " ind2=" ">
    <subfield code="0">0</subfield>
    <subfield code="1">0</subfield>
    <subfield code="2">ddc</subfield>
    <subfield code="4">0</subfield>
    <subfield code="7">0</subfield>
    <subfield code="8">KH</subfield>
    <subfield code="a">001</subfield>
    <subfield code="b">001</subfield>
    <subfield code="c">OKHR</subfield>
    <subfield code="d">2025-09-05</subfield>
    <subfield code="l">0</subfield>
    <subfield code="o">KIM 800 PZ7 </subfield>
    <subfield code="p">FISTK03781</subfield>
    <subfield code="r">2025-09-05 09:47:13</subfield>
    <subfield code="t">41</subfield>
    <subfield code="w">2025-09-05</subfield>
    <subfield code="y">KHB</subfield>
  </datafield>
  <datafield tag="952" ind1=" " ind2=" ">
    <subfield code="0">0</subfield>
    <subfield code="1">0</subfield>
    <subfield code="2">ddc</subfield>
    <subfield code="4">0</subfield>
    <subfield code="7">0</subfield>
    <subfield code="8">KH</subfield>
    <subfield code="a">001</subfield>
    <subfield code="b">001</subfield>
    <subfield code="c">OKHR</subfield>
    <subfield code="d">2025-09-05</subfield>
    <subfield code="l">2</subfield>
    <subfield code="o">KIM 800 PZ7 </subfield>
    <subfield code="p">FISTK03809</subfield>
    <subfield code="r">2026-03-02 10:04:05</subfield>
    <subfield code="s">2026-02-02</subfield>
    <subfield code="t">42</subfield>
    <subfield code="w">2025-09-05</subfield>
    <subfield code="y">KHB</subfield>
  </datafield>
  <datafield tag="952" ind1=" " ind2=" ">
    <subfield code="0">0</subfield>
    <subfield code="1">0</subfield>
    <subfield code="2">ddc</subfield>
    <subfield code="4">0</subfield>
    <subfield code="7">0</subfield>
    <subfield code="8">KH</subfield>
    <subfield code="a">001</subfield>
    <subfield code="b">001</subfield>
    <subfield code="c">OKHR</subfield>
    <subfield code="d">2025-09-05</subfield>
    <subfield code="l">0</subfield>
    <subfield code="o">KIM 800 PZ7 </subfield>
    <subfield code="p">FISTK03794</subfield>
    <subfield code="r">2025-09-05 09:48:05</subfield>
    <subfield code="t">43</subfield>
    <subfield code="w">2025-09-05</subfield>
    <subfield code="y">KHB</subfield>
  </datafield>
  <datafield tag="952" ind1=" " ind2=" ">
    <subfield code="0">0</subfield>
    <subfield code="1">0</subfield>
    <subfield code="2">ddc</subfield>
    <subfield code="4">0</subfield>
    <subfield code="7">0</subfield>
    <subfield code="8">KH</subfield>
    <subfield code="a">001</subfield>
    <subfield code="b">001</subfield>
    <subfield code="c">OKHR</subfield>
    <subfield code="d">2025-09-05</subfield>
    <subfield code="l">0</subfield>
    <subfield code="o">KIM 800 PZ7 </subfield>
    <subfield code="p">FISTK03815</subfield>
    <subfield code="r">2025-09-05 09:48:24</subfield>
    <subfield code="t">44</subfield>
    <subfield code="w">2025-09-05</subfield>
    <subfield code="y">KHB</subfield>
  </datafield>
  <datafield tag="952" ind1=" " ind2=" ">
    <subfield code="0">0</subfield>
    <subfield code="1">0</subfield>
    <subfield code="2">ddc</subfield>
    <subfield code="4">0</subfield>
    <subfield code="7">0</subfield>
    <subfield code="8">KH</subfield>
    <subfield code="a">001</subfield>
    <subfield code="b">001</subfield>
    <subfield code="c">OKHR</subfield>
    <subfield code="d">2025-09-05</subfield>
    <subfield code="l">1</subfield>
    <subfield code="o">KIM 800 PZ7 </subfield>
    <subfield code="p">FISTK03811</subfield>
    <subfield code="q">2026-04-15</subfield>
    <subfield code="r">2026-04-01 08:23:38</subfield>
    <subfield code="s">2026-04-01</subfield>
    <subfield code="t">45</subfield>
    <subfield code="w">2025-09-05</subfield>
    <subfield code="y">KHB</subfield>
  </datafield>
  <datafield tag="952" ind1=" " ind2=" ">
    <subfield code="0">0</subfield>
    <subfield code="1">0</subfield>
    <subfield code="2">ddc</subfield>
    <subfield code="4">0</subfield>
    <subfield code="7">0</subfield>
    <subfield code="8">KH</subfield>
    <subfield code="a">001</subfield>
    <subfield code="b">001</subfield>
    <subfield code="c">OKHR</subfield>
    <subfield code="d">2025-09-05</subfield>
    <subfield code="l">0</subfield>
    <subfield code="o">KIM 800 PZ7 </subfield>
    <subfield code="p">FISTK03785</subfield>
    <subfield code="r">2025-09-05 09:49:17</subfield>
    <subfield code="t">46</subfield>
    <subfield code="w">2025-09-05</subfield>
    <subfield code="y">KHB</subfield>
  </datafield>
  <datafield tag="952" ind1=" " ind2=" ">
    <subfield code="0">0</subfield>
    <subfield code="1">0</subfield>
    <subfield code="2">ddc</subfield>
    <subfield code="4">0</subfield>
    <subfield code="7">0</subfield>
    <subfield code="8">KH</subfield>
    <subfield code="a">001</subfield>
    <subfield code="b">001</subfield>
    <subfield code="c">OKHR</subfield>
    <subfield code="d">2025-09-05</subfield>
    <subfield code="l">0</subfield>
    <subfield code="o">KIM 800 PZ7 </subfield>
    <subfield code="p">FISTK03800</subfield>
    <subfield code="r">2025-09-05 09:49:33</subfield>
    <subfield code="t">47</subfield>
    <subfield code="w">2025-09-05</subfield>
    <subfield code="y">KHB</subfield>
  </datafield>
  <datafield tag="952" ind1=" " ind2=" ">
    <subfield code="0">0</subfield>
    <subfield code="1">0</subfield>
    <subfield code="2">ddc</subfield>
    <subfield code="4">0</subfield>
    <subfield code="7">0</subfield>
    <subfield code="8">KH</subfield>
    <subfield code="a">001</subfield>
    <subfield code="b">001</subfield>
    <subfield code="c">OKHR</subfield>
    <subfield code="d">2025-09-05</subfield>
    <subfield code="l">0</subfield>
    <subfield code="o">KIM 800 PZ7 </subfield>
    <subfield code="p">FISTK03787</subfield>
    <subfield code="r">2025-09-05 09:49:50</subfield>
    <subfield code="t">48</subfield>
    <subfield code="w">2025-09-05</subfield>
    <subfield code="y">KHB</subfield>
  </datafield>
  <datafield tag="952" ind1=" " ind2=" ">
    <subfield code="0">0</subfield>
    <subfield code="1">0</subfield>
    <subfield code="2">ddc</subfield>
    <subfield code="4">0</subfield>
    <subfield code="7">0</subfield>
    <subfield code="8">KH</subfield>
    <subfield code="a">001</subfield>
    <subfield code="b">001</subfield>
    <subfield code="c">OKHR</subfield>
    <subfield code="d">2025-09-05</subfield>
    <subfield code="l">0</subfield>
    <subfield code="o">KIM 800 PZ7 </subfield>
    <subfield code="p">FISTK03990</subfield>
    <subfield code="r">2025-09-05 09:50:05</subfield>
    <subfield code="t">49</subfield>
    <subfield code="w">2025-09-05</subfield>
    <subfield code="y">KHB</subfield>
  </datafield>
  <datafield tag="952" ind1=" " ind2=" ">
    <subfield code="0">0</subfield>
    <subfield code="1">0</subfield>
    <subfield code="2">ddc</subfield>
    <subfield code="4">0</subfield>
    <subfield code="7">0</subfield>
    <subfield code="8">KH</subfield>
    <subfield code="a">001</subfield>
    <subfield code="b">001</subfield>
    <subfield code="c">OKHR</subfield>
    <subfield code="d">2025-09-05</subfield>
    <subfield code="l">3</subfield>
    <subfield code="o">KIM 800 PZ7 </subfield>
    <subfield code="p">FISTK03792</subfield>
    <subfield code="q">2026-04-15</subfield>
    <subfield code="r">2026-04-01 08:23:45</subfield>
    <subfield code="s">2026-04-01</subfield>
    <subfield code="t">50</subfield>
    <subfield code="w">2025-09-05</subfield>
    <subfield code="y">KHB</subfield>
  </datafield>
</record>
